Who wrote that kids book? - Statistics

General Stats
  • This quiz has been taken 37 times
  • The average score is 2 of 10
Answer Stats
Book Author % Correct
Harry Potter J.K. Rowling
97%
Cat In The Hat Dr. Suess
84%
Diary Of A Wimpy Kid Jeff Kinny
42%
Nancy Drew Carolyn Keene
10%
Captain Underpants Dav Pilkey
6%
Shermlock Holmes Arthur Doyle
0%
My Weird School Jim Paillot
0%
The Magic Schoolbus Joanna Cole
0%
The Magic Treehouse Mary Osborne
0%
Are you my mother? P.D. Eastman
0%
No matching quizzes found
Score Distribution
Percent of People with Each Score
Percentile by Number Answered
Your Score History
You have not taken this quiz